000 01340cam a2200361 4500
001 M2300
008 090401t1996 xxu||||| |||| 00| 0 eng d
035 _a(Sirsi) u37686
041 _aeng
050 _a692.2
110 _aRoyal Institution of Chartered Surveyors
_94900
245 _aDefinitions of inspections and surveys of buildings.
260 _aLondon
_bConstruction Industry Council
_c1996
300 _a1 folded sheet ; 21cm.
350 _a0
520 _aReproduced in CSM November/December 1996, p22-24.
650 _aBUILT ENVIRONMENT-BUILDING INSPECTION
650 _aBUILDING SURVEYS
650 _aGUIDANCE NOTES
650 _aBUILT ENVIRONMENT-BUILDING SURVEYING-STRUCTURAL SURVEYING
690 _aBUILT ENVIRONMENT-BUILDING INSPECTION
710 _aConstruction Industry Council
_92417
710 _aArchitects and Surveyors Institute
_91181
710 _aAssociation of Building Engineers.
_91804
710 _aChartered Institute of Building
_92134
710 _aChartered Institution of Building Services Engineers
_92360
710 _aIncorporated Society of Valuers and Auctioneers
_91201
710 _aInstitution of Civil Engineers
_91402
710 _aInstitution of Structural Engineers
_9441
710 _aRoyal Institute of British Architects
_92527
942 _n0
948 _c04/03/1997
999 _c90521
_d90521